Alle Schweizer Cupsieger - Statistiken

Allgemein
  • Dieses Quiz wurde 107 mal gespielt
  • Das Durchschnittsergebnis liegt bei 9 aus 16
Antwortstatistiken
Titel Verein % Korrekt
13 FC Basel
99%
7 BSC Young Boys
93%
10 FC Zürich
93%
3 FC Luzern
80%
4 FC Lugano
73%
13 FC Sion
70%
19 Grashopper Club Zürich
64%
9 FC Lausanne-Sport
63%
1 FC Aarau
55%
1 FC St. Gallen
48%
7 Servette FC Genève
48%
1 FC Wil
37%
1 FC Grenchen
12%
6 FC La Chaux-de-Fonds
9%
1 Young Fellows Zürich
6%
1 Urania Genève Sport
5%
Keine übereinstimmenden Quizze gefunden
Verteilung der Resultate
Anzahl Personen mit jedem Resultat
Perzentil nach korrekt beantworteten Fragen
Ihre Resultats-Entwicklung
Sie haben dieses Quiz noch nicht gespielt